[Event "I Open Hotel Avenida de Canarias"]
[Site "Vecindario SPA"]
[Date "2007.08.09"]
[Round "4.4"]
[White "Martin Perez, Francisco J"]
[Black "Sanchez Quintero, Raul"]
[Result "0-1"]
[WhiteElo "2117"]
[BlackElo "2200"]
[PlyCount "70"]
[EventDate "2007.08.06"]
[Source "www.chesslib.no"]
[SourceDate "2004.05.04"]

1. e4 e6 2. d4 d5 3. e5 c5 4. dxc5 Bxc5 5. Bd3 Nc6 6. Nf3 Qc7 7. Bf4 Nge7 8. Qe2 Ng6 9. Bxg6 fxg6 10. c3 O-O 11. Bg3 a5 12. O-O b6 13. Re1 Ba6 14. Qd1 Rf5 15. Nd4 Nxd4 16. cxd4 Be7 17. Nd2 h5 18. f3 Raf8 19. h3 Qd8 20. a3 Bh4 21. Kh2 Bxg3+ 22. Kxg3 Qg5+ 23. Kh2 Qf4+ 24. Kh1 Qxd4 25. Nb3 Qf4 26. Nd4 Qg3 27. Nxf5 Rxf5 28. Qd2 g5 29. Rac1 g4 30. hxg4 hxg4 31. fxg4 Rf2 32. Qxf2 Qxf2 33. b4 Bd3 34. Kh2 Be4 35. Kh3 Bxg2+ 0-1

[Event "Lenk Open"]
[Site "Lenk SUI"]
[Date "1994.??.??"]
[Round "1"]
[White "Moor, Roger"]
[Black "Christen, Peter"]
[Result "1-0"]
[WhiteElo "2060"]
[BlackElo "2245"]
[PlyCount "21"]
[EventDate "1994.??.??"]
[Source "www.chesslib.no"]
[SourceDate "2004.05.04"]

1. e4 e6 2. d4 d5 3. e5 c5 4. dxc5 Bxc5 5. Qg4 Bf8 6. Bd3 b6 7. Nf3 Ba6 8. Bxa6 f5 9. exf6 Ne7 10. fxe7 Kxe7 11. Bg5+ 1-0